Report : Study on irrigation system management pilot and use of the gray soils peanut and rice production based on participatory local community ( report for NAREMNET's workshop- Can Tho)

Gardado en:
Detalles Bibliográficos
Formato: Libro
Idioma:Undetermined
Publicado: [ Vietnam] Institute of Agriculture science of South Vietnam 2000
Những chủ đề:
Các nhãn: Engadir etiqueta
Sen Etiquetas, Sexa o primeiro en etiquetar este rexistro!
Thư viện lưu trữ: Trung tâm Học liệu Trường Đại học Cần Thơ
LEADER 00734nam a2200181Ia 4500
001 CTU_122629
008 210402s9999 xx 000 0 und d
082 |a 633.18 
082 |b R425 
245 0 |a Report : 
245 0 |b Study on irrigation system management pilot and use of the gray soils peanut and rice production based on participatory local community ( report for NAREMNET's workshop- Can Tho) 
245 0 |c Department of Agriculture systems research- Institute of Agriculture science of South Vietnam 
260 |a [ Vietnam] 
260 |b Institute of Agriculture science of South Vietnam 
260 |c 2000 
650 |a Rice,Cropping systems 
904 |i M.Loan 
980 |a Trung tâm Học liệu Trường Đại học Cần Thơ